| 000 | 004600000a22001690004500 | ||
|---|---|---|---|
| 003 | MACL | ||
| 005 | 20160123122322.0 | ||
| 008 | 160123b xxu||||| |||| 00| 0 eng d | ||
| 040 |
_aMACL _cMACL |
||
| 041 | _aHindi | ||
| 082 | _a300 | ||
| 100 |
_aपाण्डेय एस.एस _934238 |
||
| 245 | _aसमाजशास्त्र | ||
| 260 |
_aनई दिल्ली _bTata Mcgraw Hill's _c2012 |
||
| 350 | _a395 | ||
| 942 |
_cHIN _k300 _2ddc |
||
| 999 |
_c47375 _d47375 |
||